Loading...
| Science - Chemistry | 1 | 4 | 2 | 0 | 45 | 22 | 64.40 | 3 | 5 |
| Science - Biology | 1 | 2 | 2 | 0 | 25 | 46 | 70.00 | 0 | 3 |
| History - Other History | 0 | 1 | 0 | 0 | 10 | 105 | 105.00 | 0 | 1 |
| History - World History | 0 | 1 | 0 | 0 | 10 | 107 | 107.00 | 0 | 0 |
| Literature - World Literature | 0 | 1 | 0 | 1 | 10 | 147 | 147.00 | 0 | 0 |
| Geography | 0 | 1 | 0 | 0 | 10 | 96 | 96.00 | 0 | 1 |
| Science - Physics | 0 | 1 | 0 | 0 | 10 | 75 | 75.00 | 0 | 1 |
| History - American History | 0 | 1 | 0 | 0 | 10 | 117 | 117.00 | 0 | 0 |
| Current Events | 0 | 1 | 1 | 0 | 5 | 129 | 129.00 | 0 | 0 |
| Science - Other Science | 0 | 1 | 1 | 0 | 5 | 87 | 87.00 | 0 | 1 |
| Social Science | 0 | 0 | 0 | 0 | 0 | 0.00 | 0 | 0 | |
| Religion | 0 | 0 | 0 | 0 | 0 | 0.00 | 0 | 0 |